| 000 | 00644nam a22002057a 4500 | ||
|---|---|---|---|
| 003 | OSt | ||
| 005 | 20150107143105.0 | ||
| 008 | 150107b xxu||||| |||| 00| 0 eng d | ||
| 020 | _a1899066624 | ||
| 040 | _cDNLM | ||
| 082 | _aQY 22.1 S1 1998 | ||
| 245 |
_aThe science of Laboratory diagnosis/ _cEdited by John Crocker and David Burnett |
||
| 260 |
_aoxford : _bISIS Medical media; _c1998 |
||
| 300 |
_axvii, 603 p : _bcol.ill ; _c28 cm . |
||
| 504 | _aIncludes bibliographical references and index. | ||
| 650 |
_aLaboratory diagnosis _92306 |
||
| 700 |
_4Editor _aCrocker John _92307 |
||
| 700 |
_4Editor _aBurnett David _92308 |
||
| 942 |
_2z _cSLOAN |
||
| 999 |
_c854 _d854 |
||